Pokemon - Les attaques de Exagide - Statistiques

Statistiques générales
  • Ce quiz a été pris 21 fois
  • Le résultat moyen est 11 sur 16
Statistiques - réponses
Niveaux Types Noms des attaques % Correct
Départ Évolution Acier Bouclier Royal
100%
Départ Acier Tête de Fer
100%
Départ Spectre Ombre Portée
93%
Départ Insecte Taillade
86%
Départ Normal Tranche
86%
Départ Combat Lame Sainte
79%
Départ Acier Mur de Fer
79%
Départ Vol Aéropique
71%
Départ Normal Danse Lames
71%
Départ Ténèbres Tranche-Nuit
71%
Départ Acier Allègement
57%
Départ Normal Charge
57%
Départ Acier Strido-Son
57%
Départ Roche Fracass'Tête
43%
Départ Psy Astuce Force
21%
Départ Normal Vengeance
14%
Aucun quiz correspondant
Distribution des résultats
% des personnes avec chaque résultat
Percentile par nombre de réponses
Votre historique - résultats
Vous n’avez pas pris ce quiz